000 00326nam a2200133Ia 4500
008 200103s9999||||xx |||||||||||||| ||und||
040 _aIMU-MPC
082 _aColumn-30
100 _aEckert, E. R. G.
245 0 _aHeat and mass Transfer
260 _bMcGraw-Hill Book Company, Inc.
_c1959
300 _axiv, 530
942 _cBK
999 _c7375
_d7375